| 000 | 01034nam a2200301 4500 | ||
|---|---|---|---|
| 001 | 0000022953 | ||
| 003 | CO-CtgCURN | ||
| 005 | 20250329191031.0 | ||
| 007 | ta | ||
| 008 | 160627s1985 000 0 eng d | ||
| 020 | _a8475309186 | ||
| 040 |
_aCO-CtgCURN _bspa _ccoctgcurn |
||
| 082 | 0 |
_a335.83 _bS266p |
|
| 100 | 1 | _aSavater, Fernando. | |
| 245 | 1 | 0 |
_aPara la anarquia y otros enfrentamientos / _cFernando Savater. |
| 260 |
_aBarcelona : _bEditorial Orbis, _c1985. |
||
| 300 | _a185p. | ||
| 336 | _2rdacontent | ||
| 337 |
_2rdamedia _asin mediacion _bn |
||
| 338 |
_2rdacarrier _avolumen _bnc |
||
| 490 | 1 | _aBiblioteca de política, economia, y sociología | |
| 505 | 8 | _aTeoria del simpoder.--La política como opio del pueblo.--Mas alla de la utopia.--Las victimas del patriotismo.--Algo sobre el imperialismo cultural | |
| 650 | 1 | 4 | _aAnarquismo. |
| 700 | 1 | _aBruguera, S. A. | |
| 908 | _a160627 | ||
| 942 |
_cBK _h335.83 _iS266p _2ddc |
||
| 999 |
_c11788 _d11788 |
||